000 00686nam a2200241 i 4500
001 C2-0132012
003 PPAK
005 20180727122706.0
008 971021s1995 io |||| ||||| | may d
020 _a9795613340
040 _aPPAK
_beng
_cPPAK
_erda
082 0 4 _a297.63
_223
090 0 0 _a297.63
_bALK
_dG
100 1 _aAl-Khatib, Muhammad Abdullah,
_eauthor
245 1 0 _aMakna hijrah :
_bdulu dan sekarang
264 1 _aJakarta, Indonesia :
_bGema Insani Press ,
_c1995
300 _a106 pages ;
_c18 cm
336 _2rdacontent
_atext
337 _2rdamedia
_aunmediated
338 _2rdacarrier
_avolume
650 1 0 _aMuhammad, Prophet, D. 632 - Hijrah.
942 _ddc
_cB
999 _c41145
_d41145